| 000 | 00504cam a2200169 a 4500 | ||
|---|---|---|---|
| 001 | 000002132 | ||
| 005 | 20200929145838.0 | ||
| 008 | 760520s1965 pn 001 e spa | ||
| 040 |
_aDO-SdBNP _bspa _cBNPHU |
||
| 082 |
_a972.87 _bF123e |
||
| 100 | 1 |
_aFábrega P., Jorge _96838 |
|
| 245 | 1 | 0 |
_aEnsayo sobre historia constitucional panameña / _cJorge Fábrega P. |
| 260 |
_aPanamá : _b[ s.n.], _c1965. |
||
| 300 |
_a160 p. ; _c22 cm. |
||
| 651 | 4 |
_aPanamá _xHistoria _94548 |
|
| 651 | 4 |
_aPanamá _xEnsayos _96839 |
|
| 999 |
_c1984 _d1984 |
||